000 01337nam0a22003251 4500
001 v19\rc\2066353
005 20260406103841.0
035 _a(NLR Aleph) 005275349
090 _a6042615
_c6042615
100 _a20081111d1916 |||y0rusy50 ca
101 0 _arus
102 _aRU
105 _ay z |||||
200 1 _aСборник "Последний аккорд"
_eДве одноактные шутки для театров миниатюр
_e1. Искушение. 2. Кто кого перехитрит?
_fЭ. Матерн
210 _aПетроград
_cТеатр. новинки
_dценз. 1916
215 _a16 с.
_d27
225 1 _aТеатральные новинки
309 _aБез тит. л.
309 _aНапеч. на пиш. маш. Литогр.
464 0 _12001#$aИскушение$aКто кого перехитрит?
_tКто кого перехитрит?
532 1 3 _aСборник Последний аккорд
700 1 _8rus
_7ca
_aМатерн
_bЭ. Э.
_f1854-1938
_gЭмилий Эмилиевич
_3RU\NLR\AUTH\7792528
_975455
801 0 _aRU
_bNLR
_c20081111
_gpsbo
801 0 _aRU
_bRuMoRGB
_c20081111
_2psbo
801 1 _aRU
_bProSoft-M
_c20081111
_2rusmarc
801 2 _aRU
_bNLR
_c20110707
_2rusmarc
852 _aNLR
_j34.102.5.11
942 _cBOOK
980 _aNB